00577cam a22002171 4500001001300000003000400013005001700017008004100034010001700075035002000092040001800112042001200130043001200142050001800154100002600172245002200198260005100220300002500271651004600296999001700342sa 68014618 DLC20260227112633.0890316s1968 io c 000 0 ind  asa 68014618  a(OCoLC)23557567 aDLCcMiUdDLC apremarc aa-io---00aJ631.N3bS8430 aSoeharto,d1921-2008.00aPidato di Menado. a[Djakarta]bDepartemen Penerangan R.I.c[1968] a30 p.bport.c21 cm. 0aIndonesiaxPolitics and governmenty1966- c85914d85914